000
00287nam a22001337a 4500
008
181022b xxu||||| |||| 00| 0 eng d
020
_a
9780764142598
041
_a
eng
080
_a
510
100
_a
36
101
_a
MAT
245
_a
E-Z Business Math
_c
Goozner,C
942
_2
udc
_c
BK
999
_c
50447
_d
50447